000 00507nam a2200169 i 4500
001 52330
003 ES-MaACL
005 20250917063036.0
007 t|
008 030828q1922 fr ||||1| fre d
100 1 _aDaudet, Alphonse,
_d1840-1897
_942799
245 1 0 _aPages inédites de critique dramatique
_b: (1874-1880) /
_cAlphonse Daudet.
260 _aParis :
_bErnest Flammarion,
_c[1922?] (
_fJouve)
300 _a356 p. ;
_c19 cm.
852 _aES-MaACL
_jF-4895
999 _c52330
_d52330